Como fuego en el hielo / (Registro nro. 4506)

Detalles MARC
000 -LEADER
fixed length control field 00923nam a2200241Ia 4500
003 - CONTROL NUMBER IDENTIFIER
control field OSt
005 - DATE AND TIME OF LATEST TRANSACTION
control field 20250414145158.0
008 - FIXED-LENGTH DATA ELEMENTS--GENERAL INFORMATION
fixed length control field 191128s2017 ck er 000 f spa d
020 ## - INTERNATIONAL STANDARD BOOK NUMBER
International Standard Book Number 9789584262882
040 ## - CATALOGING SOURCE
Original cataloging agency CO-JMCR
Transcribing agency CO-JMCR
041 ## - LANGUAGE CODE
Language code of text/sound track or separate title spa
082 04 - DEWEY DECIMAL CLASSIFICATION NUMBER
Classification number A-N
Item number GABc
100 1# - MAIN ENTRY--PERSONAL NAME
Personal name Gabás, Luz,
Relator term autora
9 (RLIN) 7003
245 10 - TITLE STATEMENT
Title Como fuego en el hielo /
Statement of responsibility, etc. Luz Gabás
250 ## - EDITION STATEMENT
Edition statement Primera edición
260 ## - PUBLICATION, DISTRIBUTION, ETC.
Place of publication, distribution, etc. Bogotá :
Name of publisher, distributor, etc. Planeta,
Date of publication, distribution, etc. 2017
300 ## - PHYSICAL DESCRIPTION
Extent 573 páginas ;
Dimensions 23 cm.
490 0# - SERIES STATEMENT
Series statement Autores españoles e iberoamericanos
500 ## - GENERAL NOTE
General note Incluye datos biográficos de la autora
520 ## - SUMMARY, ETC.
Summary, etc. El fatídico día en el que Attua tuvo que ocupar el lugar de su padre supo que su prometedor futuro se había truncado. Ahora debía regentar las termas que habían sido el sustento de su familia, en una tierra fronteriza a la que él nunca hubiera querido reg
650 14 - SUBJECT ADDED ENTRY--TOPICAL TERM
Topical term or geographic name entry element Novela española
9 (RLIN) 7004
942 ## - ADDED ENTRY ELEMENTS (KOHA)
Source of classification or shelving scheme Dewey Decimal Classification
Koha item type Books
Existencias
Withdrawn status Lost status Source of classification or shelving scheme Materials specified (bound volume or other part) Damaged status Not for loan Collection code Home library Current library Date acquired Source of acquisition Total Checkouts Full call number Barcode Date last seen Date last checked out Copy number Koha item type
    Dewey Decimal Classification Donación--25/02/2019--     Fiction Biblioteca Pública José María del Castillo y Rada Biblioteca Pública José María del Castillo y Rada 11/28/2019 Donación 3 A-N GABc 201809371 11/07/2024 11/06/2024 Ej.1 Books